| 000 | 01060nam a2200277 c 4500 | ||
|---|---|---|---|
| 999 |
_c345638 _d345638 |
||
| 003 | BLK | ||
| 005 | 20210107040714.0 | ||
| 008 | 180911b bul|||||r ||||||| ||bul|| | ||
| 010 | _a004268 | ||
| 040 | _aBLK | ||
| 041 |
_aFRE _cBUL |
||
| 080 | _z101(4)(091) | ||
| 100 | 1 |
_aHASARD, Paul _eпърви автор _9397324 |
|
| 245 | 0 | 0 |
_aLa crise de la conscience europeenne 1680 - 1715 _nT. 2 |
| 246 | _aT. 1-2 | ||
| 260 |
_aParis _bBoivin and Cie _c1934 - 1939 |
||
| 300 |
_a316 с _c23 см |
||
| 380 | _a1 | ||
| 490 |
_aЧастна колекция - Академик Михаил Арнаудов _gДарение - Основен фонд |
||
| 655 |
_aфилософия _9396704 |
||
| 700 | 1 |
_aPaul Hasard _9397325 |
|
| 760 |
_h316 с _oТ.2 |
||
| 852 |
_aМА 659 _bМА |
||
| 942 |
_cKNG _n0 _s1 |
||
| 944 |
_aCR _c1995 _kValK |
||
| 999 | _d345637 | ||
| 999 | _d344602 | ||